| 000 | 00346nam a22001457a 4500 | ||
|---|---|---|---|
| 020 | _qPB. | ||
| 040 | _cFIZZA ISHAQ | ||
| 082 |
_a005.2762 _bDAN |
||
| 100 |
_aGOOD, DANNY. _955395 |
||
| 245 |
_aJAVA SCRIPT BIBLE / _cDANNY GOOD |
||
| 250 | _a3RD ED. | ||
| 260 |
_aNEW YORK : _bCONGRESS LIBRARY, _c1998. |
||
| 300 | _a1017 P. ; | ||
| 942 |
_2ddc _cBK |
||
| 999 |
_c566250 _d566250 |
||